Entire Biffy Clyro Discography - Statistics

General Stats
  • This quiz has been taken 2 times
  • The average score is 21 of 249
Answer Stats
Hint Answer % Correct
Biblical
100%
Opposites (2013) Different People
100%
Machines
100%
Many of Horror
100%
Mountains
100%
Only Revolutions (2010) The Captain
100%
2/15ths
50%
Opposites Bonus Tracks (2013) A Girl and His Cat
50%
Futique (2025) A Little Love
50%
Black Chandelier
50%
Booooom, Blast & Ruin
50%
Bubbles
50%
Folding Stars
50%
God & Satan
50%
Haru Urara
50%
Instant HIstory
50%
Know Your Quarry
50%
Little Hospitals
50%
Puzzle (2007) Living Is a Problem Because Everything DIes
50%
Opaque
50%
Opposite
50%
People
50%
Picture A Knife Fight
50%
Saturday Superhouse
50%
Shot One
50%
Sounds Like Balloons
50%
Space
50%
Spanish Radio
50%
Stingin' Belle
50%
That Golden Rule
50%
The Fog
50%
The Joke's On Us
50%
The Thaw
50%
Two People In Love
50%
Whorses
50%
Who's Got a Match?
50%
10 Bodies
0%
Demo (1998) 27
0%
4/15ths
0%
51 Trumpets
0%
thekidswhopoptodaywillrocktomorrow (2000) 57
0%
9/15ths
0%
Accident Without Emergency
0%
A Day Of...
0%
Adored
0%
Missing Pieces (2009) A Headline
0%
A Hunger In Your Haunt
0%
All Singing and All Dancing
0%
All the Way Down Chapter 2
0%
All the Way Down: Prologue / Chapter 1
0%
A Lonely Crowd
0%
A Man of His Appalling Posture
0%
The Vertigo of Bliss B-Sides (2003) ...And With the Scissorkick Is Victorious
0%
Animal Style
0%
As Dust Dances
0%
Asexual Meat Kitchen
0%
A Thousand And One
0%
A Tragic World Record
0%
A Whole Child Ago
0%
Balance, Not Symmetry (Original Motion Picture Soundtrack) (2019) Balance, Not Symmetry
0%
Being Gabriel
0%
Blamer
0%
The Vertigo of Bliss (2003) Bodies in Flight
0%
Infinity Land B-Sides (2004) Bonanzoid Deathgrip
0%
Born On a Horse
0%
Break a Butterfly On a Wheel
0%
Breatheher
0%
But I'm Serious
0%
Children's Limbs
0%
Christopher's River
0%
City of Dreadful Night
0%
Cloud of Stink
0%
Colour Wheel
0%
Convex, Concave
0%
Cop Syrup
0%
Corfu
0%
Coward
0%
Cracker
0%
Creative Burns
0%
Cul-de-sac
0%
Dearest Amygdala
0%
Delete
0%
Denier
0%
Diary of Always
0%
Different Kind of Love
0%
Don't, Won't, Can't
0%
Do You Remember What You Came For?
0%
Drown In A Natural Light
0%
The Myth of The Happily Ever After (2021) DumDum
0%
End Of
0%
Eradicate the Doubt
0%
Errors In The History Of God
0%
Euphoria
0%
Ewan's True Mental You
0%
Existed
0%
Eye Lids
0%
Fever Dream
0%
Feverish
0%
Fingerhut
0%
Fingers and Toes
0%
Flammable
0%
Following Master
0%
Friends and Enemies
0%
Friendshipping
0%
Gates of Heaven
0%
Gently
0%
Get Fucked Stud
0%
Infinity Land (2004) Glitter & Trauma
0%
Goodbye
0%
Good Practice Makes Permanent
0%
Got Wrong
0%
Hawkwind
0%
Help Me Be Captain
0%
Herex
0%
Hermaphrofight
0%
Hero Management
0%
Hiya
0%
The Metallica Blacklist (2021) Holier Than Thou
0%
Holy Water
0%
Hope for an Angel
0%
Howl
0%
Hunting Season
0%
I Hope You're Done
0%
Demo (1996) I Know
0%
I'm Behind You
0%
Iname
0%
Instructio4
0%
In the Name of the Wee Man
0%
It's Always The Quiet Ones
0%
It's Chemical!
0%
Jasabiab
0%
Blackened Sky (2002) Joy.Discovery.Invention
0%
Justboy
0%
Kill the Old, Torture Their Young
0%
Kittens, Cakes and Cuddles
0%
Less is More
0%
Less the Product
0%
Let's Get Smiling
0%
Liberate the Illiterate
0%
Lonely Revolutions (2010) Little Soldiers
0%
Loneliness
0%
Lonely Revolutions
0%
Love Has a Diameter
0%
Medicine
0%
Milky
0%
Miracle of Survival
0%
The Howard Stern Tribute to David Bowie (2019) Modern Love
0%
Modern Magic Formula
0%
Muckqwaikerjawbreaker
0%
My Recovery Injection
0%
Navy Blue
0%
No I'm Not Down
0%
A Celebration of Endings (2020) North of No South
0%
Now I'm Everyone
0%
Now the Action Is on Fire!
0%
On a Bang
0%
Once an Empire
0%
Only One Word Comes To Mind
0%
Paperfriend
0%
Party On
0%
Pause It And Turn It Up
0%
Pink
0%
Plead
0%
Pocket
0%
Prey Hey
0%
Questions and Answers
0%
Re-arrange
0%
Relief or Fight
0%
Robbery
0%
Sad Sad Songs
0%
Scared of Lots of Everything
0%
Scary Mary
0%
Semi-mental
0%
Separate Missions
0%
Shock Shock
0%
Sky Blue Velvet
0%
Skylight
0%
Slurpy Slurpy Sleep Sleep
0%
Small Wishes
0%
Solution Devices
0%
Some King Of Wizard
0%
Sorry and Thanks
0%
Stars And Shites
0%
Static
0%
Street Love
0%
Stress on the Sky
0%
Strung To Your Ribcage
0%
Sunrise
0%
The Atrocity
0%
The Champ
0%
The Conversation Is ...
0%
The Go-Slow
0%
The Houses of Roofs
0%
The Ideal Height
0%
The Kids From Kibble & The Fist Of Light
0%
The Land At the End of Our Toes
0%
Tiny Changes: A Celebration of Frightened Rabbit's 'The Midnight Organ Fight' (2019) The Modern Leper
0%
The Naturals
0%
The Pink Limit
0%
Similarities (2013) The Rain
0%
There's No Such Man As Craso
0%
There's No Such Thing As A Jaggy Snake
0%
The Sand At the Core of Our Bones
0%
The Weapons Are Concealed
0%
Thundermonster
0%
Time as an Imploding Unit/Waiting for Green
0%
Time Jazz
0%
Tiny Indoor Fireworks
0%
Toottoottoot
0%
Touch
0%
Toys, Toys, Toys, Choke, Toys, Toys, Toys
0%
Tradition Feed
0%
Biffy Clyro (1998) Travis Perkins
0%
Tremble
0%
True Believer
0%
Trumpet Or Tap
0%
Tunnels and Trees
0%
Unknown
0%
Unknown Male 01
0%
Unsubtle
0%
Victory Over The Sun
0%
Watch
0%
Wave Upon Wave Upon Wave
0%
Weird Leisure
0%
When the Faction's Fractioned
0%
Witch's Cup
0%
With Aplomb
0%
Woe Is Me, Wow Is You
0%
Ellipsis (Deluxe) (2016) Wolves of Winter
0%
Wooden Souvenir
0%
Woo Woo
0%
Worst Type of Best Possible
0%
Yellow
0%
No matching quizzes found
Score Distribution
Percent of People with Each Score
Percentile by Number Answered
Your Score History
You have not taken this quiz